000 00633cam a22002053a 4500
001 38419
003 PGUSA
005 20140828083840.0
008 111227s2011||||xxu|||||s|||||000 | eng d
040 _aPGUSA
_beng
042 _adc
100 1 _aRiis, Jacob A.
_q(Jacob August),
_d1849-1914
245 1 0 _aOut of Mulberry Street :
_bStories of Tenement life in New York City
_h[electronic resource] /
_cJacob A. Riis
260 _bProject Gutenberg,
_c2011
506 _aPublic domain in the USA.
516 _aElectronic text
830 0 _aProject Gutenberg
_v38419
856 4 0 _uhttp://www.gutenberg.org/ebooks/38419
942 _cEB
999 _c267673
_d267673